Vodcovská úloha top manažmentu v zložitom a dynamickom podnikateľskom prostredí dizertačná práca
Gespeichert in:
| 1. Verfasser: | |
|---|---|
| Körperschaft: | |
| Weitere Verfasser: | |
| Format: | Buch |
| Sprache: | Slowakisch |
| Veröffentlicht: |
Bratislava
2009
|
| Schlagworte: | |
| Tags: |
Keine Tags, Fügen Sie das erste Tag hinzu!
|
MARC
| LEADER | 00000nam$a2200000$$$4500 | ||
|---|---|---|---|
| 001 | 0107601 | ||
| 005 | 20240502072203.7 | ||
| 041 | 0 | |a slo | |
| 044 | |a SK | ||
| 245 | 1 | 0 | |a Vodcovská úloha top manažmentu v zložitom a dynamickom podnikateľskom prostredí |b dizertačná práca |c Katarína Priečková ; škol. Štefan Slávik |
| 264 | 1 | |a Bratislava |c 2009 | |
| 300 | |a 125 s. | ||
| 610 | 2 | 0 | |a manažment |
| 610 | 2 | 0 | |a manažéri |
| 610 | 2 | 0 | |a pracovníci riadiaci |
| 610 | 2 | 0 | |a podnikanie |
| 100 | 1 | |a Priečková, Katarína, 1983- | |
| 700 | 1 | |a Slávik, Štefan, 1955- | |
| 710 | 2 | |a Fakulta podnikového manažmentu EU. Katedra manažmentu | |